书目信息 |
| 题名: |
力学工程问题
|
|
| 作者: | 胡海岩 著 | |
| 分册: | ||
| 出版信息: | 北京 科学出版社 2024.06 |
|
| 页数: | xiv, 479页 | |
| 开本: | 27cm | |
| 丛书名: | ||
| 单 册: | ||
| 中图分类: | TB12 | |
| 科图分类: | ||
| 主题词: | 工程力学--gong cheng li xue | |
| 电子资源: | ||
| ISBN: | 978-7-03-078611-1 | |
| 000 | 01162nam0 2200253 450 | |
| 001 | 90740 | |
| 005 | 20250816093949.42 | |
| 010 | @a978-7-03-078611-1@b精装@dCNY220.00 | |
| 100 | @a20240822d2024 em y0chiy50 ea | |
| 101 | 0 | @achi |
| 102 | @aCN@b110000 | |
| 105 | @ay a 000yy | |
| 106 | @ar | |
| 200 | 1 | @a力学工程问题@Ali xue gong cheng wen ti@d= Engineering issues in mechanics@f胡海岩等著@zeng |
| 210 | @a北京@c科学出版社@d2024.06 | |
| 215 | @axiv, 479页@d27cm | |
| 320 | @a有书目 | |
| 330 | @a本书包括基本方法篇, 动力学篇, 固体力学篇, 流体力学篇。在基本方法篇, 主要介绍如何从系统科学角度审视与力学相关的工程问题, 如何对工程力学问题进行定性研究、机理研究、数据研究, 把握工程力学问题的内在规律。在此后几篇, 选择了我国学者在航空航天、船舶推进、高速铁路、高层建筑、柔性电子、风力发电、武器战斗部等工程领域的11个力学研究案例, 分别介绍如何将复杂的工程力学问题进行简化, 梳理研究思路, 最终解决问题, 满足工程设计、研制和运行需求。 | |
| 510 | 1 | @aEngineering issues in mechanics@zeng |
| 606 | 0 | @a工程力学@Agong cheng li xue |
| 690 | @aTB12@v5 | |
| 701 | 0 | @a胡海岩@Ahu hai yan@4著 |
| 801 | 0 | @aCN@c20250909 |
| 905 | @a河南城建学院图书馆@dTB12@eH470@f1 | |
| 力学工程问题= Engineering issues in mechanics/胡海岩等著.-北京:科学出版社,2024.06 |
| xiv, 479页;27cm |
| ISBN 978-7-03-078611-1(精装):CNY220.00 |
| 本书包括基本方法篇, 动力学篇, 固体力学篇, 流体力学篇。在基本方法篇, 主要介绍如何从系统科学角度审视与力学相关的工程问题, 如何对工程力学问题进行定性研究、机理研究、数据研究, 把握工程力学问题的内在规律。在此后几篇, 选择了我国学者在航空航天、船舶推进、高速铁路、高层建筑、柔性电子、风力发电、武器战斗部等工程领域的11个力学研究案例, 分别介绍如何将复杂的工程力学问题进行简化, 梳理研究思路, 最终解决问题, 满足工程设计、研制和运行需求。 |
| ● |
| 相关链接 |
|
|
|
正题名:力学工程问题
索取号:TB12/H470
 
预约/预借
| 序号 | 登录号 | 条形码 | 馆藏地/架位号 | 状态 | 备注 |
| 1 | 1624702 | 216247023 | 自科库501/501自科库 2排3列3层/ [索取号:TB12/H470] | 在馆 |